Normal view MARC view
  • Muhammad Deen Fok

Entry Personal Name

Number of records used in: 3

001 - CONTROL NUMBER

  • control field: 13509

003 - CONTROL NUMBER IDENTIFIER

  • control field: NUST

005 - DATE AND TIME OF LATEST TRANSACTION

  • control field: 20190125131800.0

008 - FIXED-LENGTH DATA ELEMENTS

  • fixed length control field: 190125|| aca||aabn | a|a d

040 ## - CATALOGING SOURCE

  • Original cataloging agency: NUST
  • Transcribing agency: NUST

100 ## - HEADING--PERSONAL NAME

  • Personal name: Muhammad Deen Fok

670 ## - SOURCE DATA FOUND

  • Source citation: Work cat.: (NUST): Muhammad Deen Fok, Lahore Ehad-e-Mughlia Mein
© 2023 Central Library, National University of Sciences and Technology. All Rights Reserved.